El caso de Lorrain-Prad Bank / (Record no. 50514)
[ view plain ]
| 000 -LEADER | |
|---|---|
| campo de control de longitud fija | 00527nam a2200169 i 4500 |
| 001 - NÚMERO DE CONTROL | |
| campo de control | 50514 |
| 003 - IDENTIFICADOR DE NÚMERO DE CONTROL | |
| campo de control | ES-MaACL |
| 005 - FECHA Y HORA DE LA ÚLTIMA TRANSACCIÓN | |
| campo de control | 20230906162208.0 |
| 007 - CAMPO FIJO DE DESCRIPCIÓN FÍSICA--INFORMACIÓN GENERAL | |
| campo de control de longitud fija | t| |
| 008 - DATOS DE LONGITUD FIJA--INFORMACIÓN GENERAL | |
| campo de control de longitud fija | 030805s1959 sp ||||1| spa d |
| 100 1# - ENTRADA PRINCIPAL--NOMBRE DE PERSONA | |
| Nombre de persona | Cumberland, Marten. |
| 9 (RLIN) | 42154 |
| 245 13 - MENCIÓN DEL TÍTULO | |
| Título | El caso de Lorrain-Prad Bank / |
| Mención de responsabilidad, etc. | Marten Cumberland ; [versión española de D. Martínez Sagrera]. |
| 260 ## - PUBLICACIÓN, DISTRIBUCIÓN, ETC. | |
| Lugar de publicación, distribución, etc. | Barcelona : |
| Nombre del editor, distribuidor, etc. | G.P., |
| Fecha de publicación, distribución, etc. | [1959] ( |
| Fabricante | Guada) |
| 300 ## - DESCRIPCIÓN FÍSICA | |
| Extensión | 159 p. ; |
| Dimensiones | 18 cm. |
| 700 1# - ENTRADA AGREGADA--NOMBRE PERSONAL | |
| Nombre de persona | Martínez Sagrera, D. |
| 9 (RLIN) | 78397 |
| 852 ## - LOCALIZACIÓN | |
| Ubicación | ES-MaACL |
| Número de control de estantería | C-17066 |
| Sublocalización o colección | R.44467 |
| Estatus retirado | Estado de pérdida | Estado de daño | No para préstamo | Biblioteca de origen | Biblioteca actual | Ubicación en estantería | Fecha de adquisición | Fuente de adquisición | Total de préstamos | Signatura topográfica completa | Código de barras | Visto por última vez | Precio de reemplazo | Tipo de ítem Koha |
|---|---|---|---|---|---|---|---|---|---|---|---|---|---|---|
| Biblioteca del Ateneo de Madrid | Biblioteca del Ateneo de Madrid | Galería | 17/01/2008 | C-17066 | 1053136 | 23/02/2023 | 23/02/2023 | Libro impreso |
